000 00771nam a2200217 a 4500
005 20210223120700.0
008 991125s1988 es 000 0 spa u
020 _a8428106053
035 _aUPN01000005391
049 _aCG
050 4 _aBF698.8 B4
_bA4.3
100 1 _aAguirre Llagostera, Gloria
245 1 0 _aBaremación del test de Bender :
_bel texto de Bender en una muestra de niños de... /
_cGloria Aguirre Llagostera, Montserrat Cortadellas Angel, Ana Ma. Tuset Bertrán.
260 _aMadrid :
_bOikos-Tau,
_c1988.
300 _a67 p. :
_bil.
440 0 _aCuadernos ciencias de la educación
650 4 _aBENDER GESTALT, PRUEBA
_93833
700 1 _aCortadellas Angel, Montserrat,
_ecoaut.
700 1 _aTuset Bertrán, Ana María,
_ecoaut.
905 _aLibro
999 _c5391
_d5391